|
|
|
|
| LEADER |
00705cam a2200229 7i4500 |
| 001 |
0000077927 |
| 005 |
20230529090000.0 |
| 020 |
|
|
|a 9780465025220 (paperback)
|
| 090 |
0 |
0 |
|a HM728
|b .S72 2011
|
| 100 |
1 |
|
|a Sowell, Thomas
|
| 245 |
1 |
0 |
|a Intellectuals and society
|c Thomas Sowell.
|
| 264 |
|
|
|a New York, NY:
|b Basic Books,
|c 2011.
|
| 300 |
|
|
|a x, 669 pages;
|c 24 cm.
|
| 336 |
|
|
|a text
|2 rdacontent
|
| 337 |
|
|
|a unmediated
|2 rdamedia
|
| 338 |
|
|
|a volume
|2 rdacarrier
|
| 650 |
|
0 |
|a Influence (Psychology)
|
| 650 |
|
0 |
|a Intellectuals
|
| 650 |
|
0 |
|a Public opinion
|
| 997 |
|
|
|a Selangor Business School
|
| 998 |
|
|
|a Business Administration, Master
|
| 999 |
|
|
|a SBS0001293
|b BOK
|c OPEN SHELF
|e 1st Floor, Bestari Jaya
|